The Big Board: Sort of Letters Quiz Stats

 Plays Quiz Updated Jun 29, 2017

Support Sporcle.
Go Orange.
Score 0/36 Timer 07:00
5 Plays Today
Hint Answer % Correct
Provide the answers to these trivia questions about bees.
100%
Name a country that borders each pair of seas given.
99.8%
Identify each animated character from a picture of his or her eye(s).
99.8%
Name the band whose logo is shown on each t-shirt.
99.8%
For each celebrity shown, name one ex-spouse.
99.8%
Fill in the missing pair of words from each quote of historical wisdom.
99.8%
Queen
93.2%
Homer Simpson
91.9%
your country
88.2%
Angelina Jolie, Jennifer Aniston
86.8%
Nectar and Pollen
85.7%
The Rolling Stones
81.2%
Donkey
76%
Mimi Rogers, Nicole Kidman, Katie Holmes
71.8%
Mike Wazowski
69.9%
only light
69%
world blind
67.2%
Van Halen
67.1%
Hint Answer % Correct
Antennae
65.7%
Australia
60.3%
Thorax
59.7%
Sean Penn, Guy Ritchie
59.6%
Scar
58.1%
James Dougherty, Joe DiMaggio, Arthur Miller
56.7%
Nirvana
55.3%
North Korea, South Korea
51.9%
Germany, Denmark
51.5%
Green Day
50.9%
Turkey
50.1%
Apiary
48.5%
Hilton, Wilder, Burton, Fortensky, etc.
47.6%
cannot stand
45.5%
Iran
40.9%
Carl Fredricksen
36%
The Grateful Dead
32.2%
through hell
29.5%

You're not logged in!

Compare scores with friends on all Sporcle quizzes.
OR
Log In
Forgot?

From the Vault

Bodies of Water

by CCCP

When tempted to fight fire with fire, remember that the Fire Department usually uses water.
Remove Ads.
Support Sporcle.
Get the best of Sporcle when you Go Orange. This ad-free experience offers more features, more stats, and more fun while also helping to support Sporcle. Thank you for becoming a member.

Show Comments

Extras

Top Quizzes Today


Score Distribution

Your Account Isn't Verified!

In order to create a playlist on Sporcle, you need to verify the email address you used during registration. Go to your Sporcle Settings to finish the process.

Report this User

Report this user for behavior that violates our Community Guidelines.

Details: